00790nam a22001937a 450000500170000001000150001702000270003203500140005903700130007308200160008624501310010226000460023327000650027930000250034450000480036994200300041799900190044795201300046620180814141729.0 aENG-123727 a9780199091690c1495.00 aEN-107259 bDBAD/PUB a494.0840922 aFriendships of 'largeness and freedom' Andrews, Tagore, and Gndhi :ced. by Uma Das Gupta ban epistolary account, 1912-1940 / c2018aNew Delhi bOxford University Press aYMCA Library Building, 1 Jai Singh Road,bNew Delhi e110001 c24cm(pbk)axc,502p.  aIt include appendix, bibliography and index cEN2ddcmFRIh954.0840922 c155898d155898 001040718NFICaDBADbBNd2018-08-14eDBAD/PUBg1495.00l0o954.0840922 FRIpEN-107259r2018-08-14 00:00:00t1v1495.00yEN